LIBRARY ONLINE CATALOGUE

Evaluating the effect of new technologies in warehousing operations in public sector organizations : (Record no. 15406)

MARC details
000 -LEADER
fixed length control field 00761cam a22002052 4500
001 - CONTROL NUMBER
control field 0000024988
005 - DATE AND TIME OF LATEST TRANSACTION
control field 20151217161558.0
008 - FIXED-LENGTH DATA ELEMENTS--GENERAL INFORMATION
fixed length control field 140410s xx 000 0 eng d
040 ## - CATALOGING SOURCE
Original cataloging agency KABU
Transcribing agency KABU
100 1# - MAIN ENTRY--PERSONAL NAME
Personal name Kabiga, Lilian Njeri.
-- 0000182804
245 10 - TITLE STATEMENT
Title Evaluating the effect of new technologies in warehousing operations in public sector organizations :
Remainder of title a case study of Kenya Power & Lighting Company Limited /
Statement of responsibility, etc. Lilian Njeri Kabiga.
250 ## - EDITION STATEMENT
Edition statement 1st ed.
260 ## - PUBLICATION, DISTRIBUTION, ETC. (IMPRINT)
Place of publication, distribution, etc. Nakuru :
Name of publisher, distributor, etc. Kabarak University,
Date of publication, distribution, etc. 2012.
300 ## - PHYSICAL DESCRIPTION
Extent xiii, 79 leaves.
502 ## - DISSERTATION NOTE
Dissertation note Thesis (MBA) - Kabarak University, 2012.
650 #0 - SUBJECT ADDED ENTRY--TOPICAL TERM
Topical term or geographic name as entry element Warehouses
General subdivision Management.
-- 0000182805
908 ## - PUT COMMAND PARAMETER (RLIN)
Put command parameter 140410
950 ## - LOCAL HOLDINGS (RLIN)
-- 1
Holdings
Withdrawn status Lost status Source of classification or shelving scheme Not for loan Home library Current library Date acquired Total Checkouts Full call number Barcode Date last seen Price effective from Koha item type
    Library of Congress Classification   Kabarak, Main Campus Kabarak, Main Campus 17/12/2015   HF5485 .K33 2012 c. 1 016482 17/12/2015 17/12/2015 Thesis, Dissertation and Projecs